000 00824nam a2200229 a 4500
005 20191224041725.0
008 140314s2003 ck ab gr||||o000 0 spa d
020 _a9589067662
040 _aCO-BoIAVH
_cCO-BoIAVH
041 0 _aspa
044 _ack
082 0 4 _a307.12
_bI59g
110 2 _bInstituto Geográfico Agustín Codazzi
_bSubdirección de Geografía
245 1 0 _aGestión del suelo urbano :
_ben el marco del ordenamiento territorial, aproximación metodológica
260 _aBogotá :
_bInstituto Geográfico Agustín Codazzi,
_c2003.
300 _a91 páginas :
_bIlustraciones, mapas ;
_c25 x 18 cm.
504 _aIncluye referencias bibliográficas página 91.
650 1 6 _aOrdenamiento territorial
650 1 6 _aUrbanismo
650 2 6 _aUso del suelo
942 _cLIBRO
_2ddc
999 _c4143
_d4143